000 00603nam a2200193Ia 4500
003 GCL
008 140319s9999 xx 000 0 ara d
040 _aGCL /
_cGCL
082 0 4 _a920.71
_bم م
100 1 _aمحمد شاه الحسينى
245 1 0 _aمذكرات اغاخان /
_cمحمد شاه الحسينى
250 _aالاولى
260 _aسوريا :
_bدار المدى للثقافة والنشر ،
_c2006
300 _a477 ص ؛
_c16 سم
650 0 4 _aالرجال - تراجم
650 0 4 _aاغاخان
650 0 4 _aالشعبة الاسماعيلية
942 _2ddc
_cBK
999 _c8093
_d8093